000
00300nam a22001337a 4500
008
180301b xxu||||| |||| 00| 0 eng d
020
_a
9780803949768
041
_a
eng
080
_a
37
100
_a
25
101
_a
EDU
245
_a
Improving your classroom teaching
_c
Weimer,M
942
_2
udc
_c
BK
999
_c
43872
_d
43872